Statistics for Aesthetic quiz

Click here to take the quiz!

General Stats

  • This quiz has been taken 6 times
  • The average score is 5 of 16

Answer Stats

Answer% Correct
Emo
83%
Cottagecore
67%
Indie
67%
Old money
50%
coastal granddaughter
33%
Coquette
33%
Dark Academia
33%
Soft girl
33%
Star girl
33%
Street
33%
Downtown
17%
Golden
17%
Scandi
17%
Y2K
17%
Hollywood golden age,vintage
0%
Retro, vintage
0%

Score Distribution

Percentile by Number Answered

Percent of People with Each Score

Your Score History

You have not taken this quiz